[Event "It"]
[Site "masterchessopen.com Buenos Aires (Argentina)"]
[Round "7"]
[White "Campora Daniel H (ARG)"]
[Black "Ricardi Pablo (ARG)"]
[Result "1-0"]
[WhiteElo "2493"]
[BlackElo "2513"]

1.e4 c5 2.Nf3 e6 3.Nc3 d6 4.d4 cxd4 5.Nxd4 Nf6 6.g3 Be7 7.Bg2 O-O 8.O-O Nc6
9.Re1 Bd7 10.a4 a6 11.Be3 Rb8 12.h3 Qc8 13.g4 Ne5 14.Nce2 b5 15.axb5 axb5
16.b3 d5 17.Bf4 Bd6 18.Ng3 Nxe4 19.Nxe4 dxe4 20.Rxe4 Qc7 21.Ra6 Nc4 22.Bxd6
Nxd6 23.Nxe6 Bxe6 24.Rxd6 Rbc8 25.Re2 Qc3 26.Qd4 b4 27.Qxc3 bxc3 28.Bd5 Bxd5
29.Rxd5 Rc7 30.Re4 g6 31.Rdd4 f5 32.Rc4 Rcf7 33.Rf4 {#r} 1-0

[Event "Zt"]
[Site "masterchessopen.com Cali (Colombia)"]
[Round "0"]
[White "Garcia Gildardo (COL)"]
[Black "Rodriguez Amador (ESP)"]
[Result "1-0"]
[WhiteElo "2401"]
[BlackElo "2441"]

1.e4 c5 2.Nf3 d6 3.d4 cxd4 4.Nxd4 Nf6 5.Nc3 e6 6.g3 a6 7.Bg2 Qc7 8.O-O Be7
9.a4 Nc6 10.Be3 Bd7 11.Nxc6 Bxc6 12.a5 O-O 13.Re1 Rfe8 14.Bb6 Qb8 15.Bd4 Nd7
16.Na4 Qc7 17.Nb6 Nxb6 18.Bxb6 Qd7 19.c4 Rf8 20.Qe2 Bd8 21.Qe3 Bxb6 22.Qxb6
Rac8 23.Rad1 Rfd8 24.Rd3 Qe7 25.Qb4 Rd7 26.Red1 f5 27.Rxd6 Bxe4 28.Bxe4 fxe4
29.c5 Rdc7 30.Qxe4 Rxc5 31.Rxe6 Qf8 32.Rd5 Rc4 33.Qd3 {#r} 1-0

[Event "It (open)"]
[Site "masterchessopen.com Cannes (France)"]
[Round "0"]
[White "Manolov Ivan (BUL)"]
[Black "Falchetta Giovanni (ITA)"]
[Result "1-0"]
[WhiteElo "2243"]
[BlackElo "2202"]

1.e4 c5 2.Nf3 e6 3.d4 cxd4 4.Nxd4 Nf6 5.Nc3 d6 6.g3 a6 7.Bg2 Qc7 8.O-O Bd7
9.Re1 Nc6 10.Nxc6 bxc6 11.Na4 Be7 12.c4 e5 13.c5 O-O 14.cxd6 Bxd6 15.Be3 c5
16.Rc1 Bxa4 17.Qxa4 Qe7 18.f3 Rfc8 19.Bh3 Rc7 20.Red1 Qe8 21.Qxe8+ Nxe8 22.Rc4
Rb8 23.b3 Rb4 24.Rdc1 Kf8 25.Bf1 Rxc4 26.Rxc4 Rc6 27.b4 Ke7 28.bxc5 Bb8 29.Ra4
Nc7 30.Bc4 Ne6 31.Bd5 Rc8 32.Bxe6 {#r} 1-0

[Event "It (open)"]
[Site "masterchessopen.com Dortmund (Germany)"]
[Round "7"]
[White "Ott Frank (GER)"]
[Black "Schmidt Wlodzimierz (POL)"]
[Result "0-1"]
[WhiteElo "2313"]
[BlackElo "2455"]

1.e4 c5 2.Nf3 e6 3.d4 cxd4 4.Nxd4 Nf6 5.Nc3 d6 6.g3 Nc6 7.Bg2 Bd7 8.O-O Be7
9.Be3 O-O 10.a4 a6 11.Qe2 Qc7 12.Nxc6 Bxc6 13.a5 Nd7 14.Na4 Bb5 15.c4 Qxc4
16.Qd2 Qe2 17.Qb4 Qh5 18.Rfc1 Ne5 19.Rc7 Nc6 20.Qe1 Bd8 21.Rxb7 Nxa5 22.Ra7
Rxa7 23.Bxa7 Nb3 24.Ra3 Ba5 25.Nc3 Bxc3 26.bxc3 Nc5 27.e5 Nd3 28.Qd2 Nxe5
29.Qxd6 Nc4 {#R} 0-1

[Event "It (open)"]
[Site "masterchessopen.com Oakham (England)"]
[Round "0"]
[White "Svidler Peter (RUS)"]
[Black "Kosic Dragan (MNE)"]
[Result "1-0"]
[WhiteElo "2740"]
[BlackElo "2415"]

1.e4 c5 2.Nf3 e6 3.d4 cxd4 4.Nxd4 Nf6 5.Nc3 d6 6.g3 Nc6 7.Bg2 Bd7 8.O-O Be7
9.Be3 O-O 10.Nxc6 Bxc6 11.a4 a6 12.Re1 Qc7 13.a5 Rac8 14.Bb6 Qb8 15.Nd5 Rfe8
16.Nxe7+ Rxe7 17.Ra3 Nd7 18.Rd3 Nxb6 19.axb6 Rd7 20.c4 Rf8 21.Qd2 Qd8 22.Qb4
Qb8 23.Red1 Rfd8 24.Qa3 g6 25.h4 Kg7 26.b4 e5 27.Qc3 Kg8 28.f3 f5 29.b5 {#r}
1-0

[Event "It (open)"]
[Site "masterchessopen.com Reykjavik (Iceland)"]
[Round "0"]
[White "Wedberg Tom (SWE)"]
[Black "Gislason Gudmundur (ISL)"]
[Result "1-0"]
[WhiteElo "2480"]
[BlackElo "2295"]

1.e4 c5 2.Nf3 d6 3.d4 cxd4 4.Nxd4 Nf6 5.Nc3 e6 6.g3 Be7 7.Bg2 O-O 8.O-O Nc6
9.Re1 Nxd4 10.Qxd4 e5 11.Qd3 Be6 12.b3 Rc8 13.Bb2 Qc7 14.Re2 a6 15.Nd1 b5
16.Ne3 Rfd8 17.Rd1 b4 18.Red2 Qa5 19.Ra1 Qb6 20.h3 Rc5 21.a4 a5 22.Rad1 Rdc8
23.Kh2 Nd7 24.Qe2 Qc7 25.f4 f6 26.Qf3 Qb7 27.Qf2 Qc7 28.Bf3 {#r} 1-0

[Event "It (open)"]
[Site "masterchessopen.com San Benedetto del Tronto (Italy)"]
[Round "0"]
[White "Kupper Patrick (SUI)"]
[Black "Guido Flavio (ITA)"]
[Result "0-1"]
[WhiteElo "2292"]
[BlackElo "2396"]

1.e4 c5 2.Nf3 e6 3.d4 cxd4 4.Nxd4 Nf6 5.Nc3 d6 6.g3 Nc6 7.Bg2 Bd7 8.O-O Be7
9.Be3 O-O 10.Nb3 Ne5 11.Qe2 Qc7 12.Rad1 Nc4 13.Bc1 Rac8 14.g4 h6 15.f4 Nh7
16.Rf3 g5 17.Nd2 Nxb2 18.Bxb2 Qb6+ 19.Qe3 Qxb2 20.Rb1 Qxc2 21.Rxb7 Bd8 22.Nb3
Bb6 23.Nd4 Qxc3 24.Qxc3 Rxc3 25.Rxb6 Rcc8 {#R} 0-1

[Event "Ch World (juniors) (under 20)"]
[Site "masterchessopen.com Santiago (Chile)"]
[Round "0"]
[White "Rodriguez Amador (ESP)"]
[Black "Borriss Martin (GER)"]
[Result "1-0"]
[WhiteElo "2441"]
[BlackElo "2427"]

1.e4 c5 2.Nf3 e6 3.d4 cxd4 4.Nxd4 Nf6 5.Nc3 d6 6.g3 a6 7.Bg2 Bd7 8.O-O Nc6
9.a4 Be7 10.b3 O-O 11.Bb2 Qc7 12.Nce2 d5 13.Nxc6 Bxc6 14.e5 Nd7 15.f4 b5
16.axb5 axb5 17.Nd4 Rxa1 18.Bxa1 Ra8 19.Kh1 b4 20.f5 Nxe5 21.fxe6 fxe6 22.Nxe6
Qd6 23.Nd4 Bb7 24.Nf5 Qe6 25.Nxe7+ Qxe7 26.Qd4 Nc6 27.Bxd5+ Kh8 28.Qxg7+ Qxg7
29.Bxg7+ Kxg7 30.Rf7+ {#r} 1-0

[Event "Oberliga Baden 1990/91"]
[Site "masterchessopen.com Baden-Wuerttemberg (Germany)"]
[Round "0"]
[White "Sauermann Wilfried (GER)"]
[Black "Beyer Christian (GER)"]
[Result "1-0"]
[WhiteElo "2121"]
[BlackElo "2217"]

1.e4 c5 2.Nf3 e6 3.d4 cxd4 4.Nxd4 Nf6 5.Nc3 d6 6.g3 a6 7.Bg2 Qc7 8.O-O Be7
9.Be3 Nc6 10.Nxc6 bxc6 11.Na4 Bb7 12.c4 O-O 13.Rc1 c5 14.Nc3 Nd7 15.f4 Nb8
16.g4 Nc6 17.g5 Rfe8 18.Rf3 g6 19.Rh3 Rab8 20.b3 Nd4 21.Ne2 Nxe2+ 22.Qxe2 f5
23.exf5 gxf5 24.Bd2 Bf8 25.Bc3 Qf7 26.g6 {#r} 1-0

[Event "Oberliga Baden 1990/91"]
[Site "masterchessopen.com Baden-Wuerttemberg (Germany)"]
[Round "0"]
[White "Schmid Wolfgang (GER)"]
[Black "Kaiser Dieter (GER)"]
[Result "1-0"]
[WhiteElo "2229"]
[BlackElo "2256"]

1.e4 c5 2.Nf3 d6 3.d4 cxd4 4.Nxd4 Nf6 5.Nc3 e6 6.g3 Nc6 7.Bg2 Bd7 8.O-O Be7
9.Be3 O-O 10.Qe2 Qc7 11.Rad1 Rfd8 12.f4 Rac8 13.Nb3 Na5 14.g4 Nc4 15.Bc1 b5
16.g5 Ne8 17.f5 b4 18.fxe6 fxe6 19.Nb1 e5 20.c3 a5 21.cxb4 axb4 22.Rf2 g6
23.N1d2 Ng7 24.Nxc4 Qxc4 25.Qe1 Qa6 26.Bd2 Rc2 27.Be3 Rxf2 28.Qxf2 Qxa2 29.Nc1
Qa8 30.Nd3 Bc6 31.Nxb4 Bxe4 32.Nd5 Rf8 33.Bxe4 {#r} 1-0

[Event "It \"]
[Site "masterchessopen.com Buenos Aires (Argentina)"]
[Round "3"]
[White "Bronstein Luis (ARG)"]
[Black "Djuric Stefan (SRB)"]
[Result "0-1"]
[WhiteElo "2349"]
[BlackElo "2540"]

1.Nf3 c5 2.e4 e6 3.d4 cxd4 4.Nxd4 Nf6 5.Nc3 d6 6.g3 Be7 7.Bg2 O-O 8.O-O Nc6
9.Re1 Qb6 10.Nxc6 bxc6 11.Na4 Qa6 12.b3 d5 13.e5 Nd7 14.Bf1 Qa5 15.Bd3 f6
16.Bd2 Qc7 17.Qh5 f5 18.Qe2 c5 19.Ba6 c4 20.Bxc8 Raxc8 21.Be3 Qa5 22.Bd4 Nb8
23.c3 Nc6 24.Qe3 Rf7 25.f4 Nxd4 26.Qxd4 g5 27.fxg5 Bxg5 28.Kg2 Rg7 29.Rf1 Bh6
30.Qh4 Be3 31.Kf3 d4 32.cxd4 Bg5 33.Qh5 Qd5+ 34.Kf2 Qxd4+ 35.Kg2 c3 {#R} 0-1

[Event "It"]
[Site "masterchessopen.com Chalon sur Saone (France)"]
[Round "2"]
[White "Inkiov Ventzislav (BUL)"]
[Black "Jardy Herve (FRA)"]
[Result "1-0"]
[WhiteElo "2475"]
[BlackElo "1987"]

1.e4 c5 2.Nf3 d6 3.d4 cxd4 4.Nxd4 Nf6 5.Nc3 e6 6.g3 a6 7.Bg2 Be7 8.O-O O-O
9.g4 Nc6 10.Nxc6 bxc6 11.g5 Nd7 12.f4 e5 13.f5 Bxg5 14.Bxg5 Qxg5 15.Qxd6 Rb8
16.Na4 Qf6 17.Rad1 Qxd6 18.Rxd6 Rb4 19.b3 Rd4 20.Rd1 Rxd1+ 21.Rxd1 g6 22.Rd6
gxf5 23.exf5 Kg7 24.Nc3 Nf6 25.Ne4 Ne8 26.f6+ Kg6 27.Rd8 Nxf6 28.Rxf8 {#r} 1-0

[Event "Bundesliga 1990/91"]
[Site "masterchessopen.com Germany"]
[Round "0"]
[White "Buscher Michael (GER)"]
[Black "Hanisch Bernd (GER)"]
[Result "1-0"]
[WhiteElo "2344"]
[BlackElo "2138"]

1.e4 c5 2.Nf3 e6 3.d4 cxd4 4.Nxd4 Nf6 5.Nc3 d6 6.g3 a6 7.Bg2 Be7 8.O-O O-O
9.a4 Qc7 10.a5 Nc6 11.Nb3 Ne5 12.Qe2 Bd7 13.Rd1 Rac8 14.f4 Nc4 15.g4 h6 16.h4
d5 17.exd5 Rfe8 18.g5 hxg5 19.hxg5 Nxd5 20.Ne4 Nd6 21.c3 Nxe4 22.Bxe4 g6
23.Qf2 Bc6 24.Bg2 Bd6 25.Rf1 Bb5 26.Rd1 Bxf4 27.Nd4 Be3 28.Bxe3 {#r} 1-0

[Event "Bundesliga 1990/91"]
[Site "masterchessopen.com Germany"]
[Round "0"]
[White "Kindermann Stefan (AUT)"]
[Black "Gruenberg Hans-Ulrich (GER)"]
[Result "1-0"]
[WhiteElo "2519"]
[BlackElo "2402"]

1.e4 c5 2.Nf3 d6 3.d4 cxd4 4.Nxd4 Nf6 5.Nc3 e6 6.g3 Nc6 7.Bg2 Bd7 8.O-O Be7
9.Nb3 Qc7 10.Qe2 Rc8 11.f4 O-O 12.g4 Be8 13.g5 Nd7 14.Be3 a6 15.f5 Nde5 16.f6
Bd8 17.Rf4 Ng6 18.Rf3 Kh8 19.Rh3 Rg8 {#r} 1-0

[Event "It (cat.9)"]
[Site "masterchessopen.com Vrnjacka Banja (Serbia)"]
[Round "0"]
[White "Marinkovic Slavisa (SRB)"]
[Black "Cvetkovic Srdjan (SRB)"]
[Result "1-0"]
[WhiteElo "2414"]
[BlackElo "2406"]

1.e4 c5 2.Nf3 Nf6 3.Nc3 d6 4.d4 cxd4 5.Nxd4 e6 6.g3 Nc6 7.Bg2 Bd7 8.O-O Be7
9.Nxc6 Bxc6 10.a4 O-O 11.Be3 Qc7 12.Qe2 b6 13.Rfd1 Rfd8 14.Bf4 Qb7 15.b4 Qc8
16.Nd5 Bxd5 17.exd5 e5 18.Be3 Qc3 19.Qd2 Qxd2 20.Bxd2 Rac8 21.Rdc1 Nd7 22.c4
f5 23.a5 Rc7 24.Be3 Rdc8 25.Bf1 e4 26.axb6 Nxb6 27.Ra5 Bd8 28.c5 Nxd5 29.Bc4
Kf8 30.Bxd5 dxc5 31.Raxc5 Rxc5 32.Bxc5+ Ke8 33.Be6 {#r} 1-0

[Event "It (open) \"]
[Site "masterchessopen.com Buenos Aires (Argentina)"]
[Round "2"]
[White "Veron Jorge (ARG)"]
[Black "Roca Alfredo (ARG)"]
[Result "0-1"]
[WhiteElo "1811"]
[BlackElo "2364"]

1.e4 c5 2.Nf3 e6 3.d4 cxd4 4.Nxd4 Nf6 5.Nc3 d6 6.g3 Nc6 7.Bg2 Bd7 8.O-O Be7
9.b3 a6 10.Bb2 Qc7 11.a4 O-O 12.Nde2 Rab8 13.Ba3 b5 14.axb5 axb5 15.b4 Ne5
16.Rb1 Rfc8 17.Bc1 Qb7 18.Bf4 Rc4 19.Qd2 Rbc8 20.f3 Be8 21.g4 Nfd7 22.Rb3 Nb6
23.Ra1 Na4 24.Raa3 Qc7 25.Qe1 Ng6 26.Bg3 Bf6 27.Nxa4 bxa4 28.Rd3 Qb6+ 29.Kh1
Qxb4 30.Qxb4 Rxb4 31.Bxd6 Rb1+ 32.Ng1 Rxc2 {#R} 0-1

[Event "Tournament FMDA (a)"]
[Site "masterchessopen.com Buenos Aires (Argentina)"]
[Round "1"]
[White "Echeguren Gustavo (ARG)"]
[Black "Mondaca Omar (ARG)"]
[Result "1-0"]
[WhiteElo "2041"]
[BlackElo "2176"]

1.e4 c5 2.Nf3 e6 3.d4 cxd4 4.Nxd4 Nf6 5.Nc3 d6 6.g3 Nc6 7.Bg2 Be7 8.O-O O-O
9.Nxc6 bxc6 10.Be3 Qc7 11.Re1 Bb7 12.Qe2 Nd7 13.Na4 c5 14.c4 Rfd8 15.Rad1 Rab8
16.Nc3 Bc6 17.b3 Qb7 18.f4 a5 19.Qc2 Qa8 20.a4 Nf6 21.Bd2 Rbc8 22.Nb5 Bf8
23.Bc3 Rd7 24.e5 dxe5 25.Rxd7 Nxd7 26.Bxc6 Qxc6 27.Na7 Qc7 28.Nxc8 exf4
29.gxf4 Qxc8 30.Bxa5 {#r} 1-0

[Event "It (open)"]
[Site "masterchessopen.com Dearborn (USA)"]
[Round "2"]
[White "Shahade Gregory (USA)"]
[Black "Seltzer Robert (USA)"]
[Result "0-1"]
[WhiteElo "2449"]
[BlackElo "2251"]

1.e4 c5 2.Nf3 e6 3.d4 cxd4 4.Nxd4 Nf6 5.Nc3 d6 6.g3 Be7 7.Bg2 O-O 8.O-O a6
9.Re1 Qc7 10.Be3 Nc6 11.Qe2 Bd7 12.Rad1 b5 13.f4 b4 14.Nb1 Nxd4 15.Bxd4 Bb5
16.Qd2 Bc6 17.Bxf6 gxf6 18.Kh1 Qb7 19.c3 Rfd8 20.Qf2 a5 21.Rd2 Rac8 22.Rd3 d5
23.g4 dxe4 24.Rh3 e3 25.Qc2 f5 26.gxf5 Bxg2+ 27.Qxg2+ Qxg2+ 28.Kxg2 Bc5
29.fxe6 fxe6 30.Rh6 Rf8 31.Rxe6 Rxf4 32.Re2 Kf7 33.Ra6 Rg8+ {#R} 0-1

[Event "It (open)"]
[Site "masterchessopen.com Dortmund (Germany)"]
[Round "1"]
[White "Bierbach Utz-Friedrich (GER)"]
[Black "Stohl Igor (SVK)"]
[Result "0-1"]
[WhiteElo "2295"]
[BlackElo "2560"]

1.e4 c5 2.Nf3 d6 3.d4 cxd4 4.Nxd4 Nf6 5.Nc3 e6 6.g3 Nc6 7.Bg2 Bd7 8.O-O Be7
9.Re1 O-O 10.Be3 a6 11.Qe2 Qc7 12.Nxc6 Bxc6 13.Rad1 b5 14.a3 Rfe8 15.f4 Nd7
16.Qd2 Ne5 17.Qe2 Nc4 18.Bc1 Bf6 19.Rd3 a5 20.g4 b4 21.axb4 axb4 22.Nd1 Ra1
23.g5 Be5 24.Bd2 Nxd2 25.Qxd2 Ba4 26.c3 bxc3 27.Nxc3 Bxf4 28.Qxf4 Rxe1+ 29.Bf1
Bb3 {#R} 0-1

[Event "It (open)"]
[Site "masterchessopen.com Iraklion (Greece)"]
[Round "4"]
[White "Pandavos Panayotis (GRE)"]
[Black "Zygouris Hristos (GRE)"]
[Result "1-0"]
[WhiteElo "2247"]
[BlackElo "2194"]

1.e4 c5 2.Nf3 d6 3.d4 cxd4 4.Nxd4 Nf6 5.Nc3 e6 6.g3 a6 7.Bg2 Qc7 8.O-O Nc6
9.Re1 Rb8 10.h3 Be7 11.a4 O-O 12.Be3 Bd7 13.Qe2 Na5 14.Rad1 Rfc8 15.g4 Be8
16.g5 Nd7 17.Kh1 Qc4 18.Qg4 Ne5 19.Qg3 Qb4 20.Bc1 b5 21.axb5 axb5 22.f4 Nec4
23.b3 Nb6 24.Na2 Qc5 25.b4 Qc4 26.bxa5 {#r} 1-0

[Event "It (open)"]
[Site "masterchessopen.com Napoli (Italy)"]
[Round "0"]
[White "Aleksic Nenad (MNE)"]
[Black "Auletta Angelo (ITA)"]
[Result "1-0"]
[WhiteElo "2012"]
[BlackElo "2242"]

1.e4 c5 2.Nf3 e6 3.Nc3 d6 4.d4 cxd4 5.Nxd4 Nf6 6.g3 a6 7.Bg2 Be7 8.O-O O-O
9.Be3 Qc7 10.g4 Nc6 11.g5 Nd7 12.f4 Nb6 13.Kh1 Re8 14.Nxc6 bxc6 15.Qh5 d5
16.e5 c5 17.Rf3 g6 18.Qh6 Bf8 19.Qh4 Bb7 20.Rh3 Bg7 21.Qxh7+ Kf8 22.Bc1 Bc6
23.b3 Qb7 24.Ba3 Nd7 25.Re1 a5 26.Na4 d4 27.Bxc6 Qxc6+ 28.Kg1 Rec8 29.Rd3 Ke7
30.Rxd4 Rh8 31.Qxg7 Rh4 32.Red1 Rd8 33.Bxc5+ {#r} 1-0

[Event "Ch Bulgaria (1/2 final)"]
[Site "masterchessopen.com Sofia (Bulgaria)"]
[Round "2"]
[White "Stefanov Krasimir (BUL)"]
[Black "Kuzev Borislav (BUL)"]
[Result "1-0"]
[WhiteElo "2388"]
[BlackElo "2210"]

1.e4 c5 2.Nf3 d6 3.d4 cxd4 4.Nxd4 Nf6 5.Nc3 e6 6.g3 Nc6 7.Bg2 Bd7 8.O-O Be7
9.Be3 O-O 10.Qe2 Rc8 11.Rad1 Nxd4 12.Rxd4 Qa5 13.Rfd1 Bc6 14.h3 Rfe8 15.a4 a6
16.g4 b5 17.b4 Qc7 18.axb5 axb5 19.Nxb5 Bxb5 20.Qxb5 Qxc2 21.Rc1 Qb2 22.Rxc8
Rxc8 23.g5 Rc1+ 24.Bxc1 Qxc1+ 25.Bf1 Nh5 26.Rc4 Qf4 27.Rc8+ Bf8 28.Qe8 Qxg5+
29.Kh1 {#r} 1-0

[Event "It (open)"]
[Site "masterchessopen.com Warsaw (Poland)"]
[Round "0"]
[White "Deszczynski Adam (POL)"]
[Black "Borysiak Boguslaw (POL)"]
[Result "0-1"]
[WhiteElo "2356"]
[BlackElo "2098"]

1.e4 c5 2.Nf3 d6 3.d4 cxd4 4.Nxd4 Nf6 5.Nc3 e6 6.g3 Be7 7.Bg2 O-O 8.O-O a6
9.Be3 Nbd7 10.Qe2 Qc7 11.Rad1 Ne5 12.f4 Nc4 13.Bc1 Bd7 14.b3 Na5 15.Bb2 Rac8
16.e5 Ne8 17.exd6 Bxd6 18.Ne4 Be7 19.c4 Nf6 20.Nf2 Rfe8 21.Nd3 Nc6 22.Nf3 b5
23.cxb5 axb5 24.Nde5 Nd5 25.Nxd7 Qxd7 26.Ne5 Qa7+ 27.Kh1 Qxa2 28.Nxf7 Bf6
29.Ne5 Bxe5 30.fxe5 Nc3 31.Qf3 Nxd1 32.Qf7+ Kh8 33.Bxc6 Rg8 34.Bd4 Rxc6
35.Rxd1 Qxb3 {#R} 0-1

[Event "It (open)"]
[Site "masterchessopen.com Wuerzburg (Germany)"]
[Round "3"]
[White "Zupe Miran (SLO)"]
[Black "Mainka Romuald (GER)"]
[Result "0-1"]
[WhiteElo "2336"]
[BlackElo "2550"]

1.e4 c5 2.Nf3 d6 3.d4 cxd4 4.Nxd4 Nf6 5.Nc3 e6 6.g3 Nc6 7.Bg2 Bd7 8.O-O Be7
9.a4 O-O 10.h3 a6 11.Nxc6 Bxc6 12.a5 Nd7 13.Be3 Qc7 14.Qd4 Rac8 15.Rfd1 Rfe8
16.Kh2 Bf8 17.Ra2 h6 18.Nb1 d5 19.exd5 Bxd5 20.Bxd5 Bc5 21.Qd3 Ne5 22.Qc3 Bxe3
23.Qxc7 Rxc7 24.fxe3 exd5 25.Nc3 Nf3+ 26.Kg2 Rxe3 27.Rxd5 Ne1+ 28.Kh2 Nxc2
29.Ra4 Ne1 30.h4 Nd3 31.Rg4 Nxb2 32.Ne4 Kh7 33.Rd8 Nd3 {#R} 0-1

[Event "Ch Rheinland (juniors) (under 17)"]
[Site "masterchessopen.com Bad Marienberg (Germany)"]
[Round "0"]
[White "Wohde Jens (GER)"]
[Black "Berresheim Helmut (GER)"]
[Result "0-1"]
[WhiteElo "1968"]
[BlackElo "2116"]

1.e4 c5 2.Nf3 d6 3.d4 cxd4 4.Nxd4 Nf6 5.Nc3 e6 6.g3 a6 7.Bg2 Qc7 8.O-O Nc6
9.Be3 Be7 10.Qd2 O-O 11.h3 b5 12.a3 Bb7 13.Nde2 Rfd8 14.Rad1 Na5 15.Qc1 Nc4
16.Rd3 Nxe3 17.Qxe3 Bc6 18.Nd4 Bb7 19.Re1 Rac8 20.Kh2 Nd7 21.Nd1 Ne5 22.Rc3
Nc4 23.Qd3 Qb6 24.f4 Bf6 25.e5 dxe5 26.Bxb7 exd4 27.Bxc8 dxc3 {#R} 0-1

[Event "Ch World (juniors) (under 18)"]
[Site "masterchessopen.com Bratislava (Slovakia)"]
[Round "1"]
[White "Spangenberg Hugo (ARG)"]
[Black "Kraschl Joerg (AUT)"]
[Result "1-0"]
[WhiteElo "2535"]
[BlackElo "2320"]

1.e4 c5 2.Nf3 e6 3.d4 cxd4 4.Nxd4 Nf6 5.Nc3 d6 6.g3 Nc6 7.Bg2 Bd7 8.Ndb5 Qb8
9.a4 a6 10.Na3 Qc7 11.O-O Be7 12.f4 O-O 13.Be3 Na5 14.g4 Be8 15.g5 Nd7 16.f5
Ne5 17.f6 Bd8 18.Qh5 Bc6 19.Rf4 Ng6 20.Rf3 Re8 21.Raf1 d5 22.Rh3 Nf8 23.exd5
exd5 24.Bd4 Qxh2+ {#r} 1-0

[Event "It (open)"]
[Site "masterchessopen.com Cappelle la Grande (France)"]
[Round "1"]
[White "Dabrowska Krystyna (POL)"]
[Black "Atlas Valeri (AUT)"]
[Result "0-1"]
[WhiteElo "2208"]
[BlackElo "2412"]

1.e4 c5 2.Nf3 e6 3.d4 cxd4 4.Nxd4 Nf6 5.Nc3 d6 6.g3 a6 7.Bg2 Ra7 8.Be3 b6 9.h3
Rc7 10.O-O Bb7 11.Nde2 Nbd7 12.g4 Qa8 13.Ng3 h6 14.a4 Be7 15.f4 Nc5 16.Qd4 O-O
17.Rf2 Nfd7 18.e5 dxe5 19.fxe5 Bxg2 20.Rxg2 Rd8 21.Rf1 Nf8 22.Qc4 Ng6 23.Bd4
Qb7 24.Nce2 Ne4 25.Qd3 Ng5 26.Nh5 Nxe5 {#R} 0-1

[Event "Ch Finland (team) 1993/94"]
[Site "masterchessopen.com Finland"]
[Round "1"]
[White "Paavilainen Jorma (FIN)"]
[Black "Veingold Aleksandr (EST)"]
[Result "1-0"]
[WhiteElo "2305"]
[BlackElo "2465"]

1.e4 c5 2.Nf3 e6 3.d4 cxd4 4.Nxd4 Nf6 5.Nc3 d6 6.g3 Nc6 7.Bg2 Bd7 8.O-O Be7
9.b3 O-O 10.Bb2 Nxd4 11.Qxd4 Qc7 12.Kh1 Rfc8 13.f4 Ne8 14.Rae1 b5 15.e5 Bc6
16.Ne4 d5 17.Ng5 g6 18.Nf3 b4 19.Qd2 Ng7 20.g4 Bb5 21.Rf2 a5 22.f5 exf5 23.Nd4
Bd7 24.gxf5 Bxf5 25.Bxd5 Ra6 26.e6 Bxe6 27.Nxe6 fxe6 28.Qd4 Bc5 {#r} 1-0

[Event "Izt (w)"]
[Site "masterchessopen.com Jakarta (Indonesia)"]
[Round "0"]
[White "Qin Kanying (CHN)"]
[Black "Khurtsidze Nino (GEO)"]
[Result "1-0"]
[WhiteElo "2466"]
[BlackElo "2440"]

1.e4 c5 2.Nf3 e6 3.d4 cxd4 4.Nxd4 Nf6 5.Nc3 d6 6.g3 Bd7 7.Bg2 Nc6 8.O-O a6
9.Be3 Be7 10.Nxc6 Bxc6 11.a4 O-O 12.a5 Nd7 13.Qe2 Qc7 14.Rfb1 f5 15.Qc4 Kh8
16.Qxe6 Rae8 17.Nd5 Bxd5 18.Qxd5 Nf6 19.Qxf5 Bd8 20.Rd1 Qxc2 21.Rxd6 Qxb2
22.Bd4 Qc2 23.Rf1 Qc7 24.e5 Ng8 25.Qh3 Qxa5 26.Be4 Nh6 27.Rxh6 gxh6 28.Qxh6
Qc7 29.e6+ Kg8 30.e7 {#r} 1-0

[Event "It (open)"]
[Site "masterchessopen.com Las Vegas (USA)"]
[Round "0"]
[White "Gross Daniel (USA)"]
[Black "Kamsky Gata (USA)"]
[Result "0-1"]
[WhiteElo "2178"]
[BlackElo "2645"]

1.e4 c5 2.Nf3 e6 3.d4 cxd4 4.Nxd4 Nf6 5.Nc3 d6 6.g3 Be7 7.Bg2 O-O 8.O-O Nc6
9.Be3 Bd7 10.Nb3 a6 11.g4 Ne5 12.g5 Ne8 13.f4 Nc4 14.Bc1 Rc8 15.Rf3 g6 16.Rg3
Ng7 17.Bf3 b5 18.a3 d5 19.Bg4 dxe4 20.Nxe4 Bc6 21.Qe1 Qb6+ 22.Kf1 Nf5 23.Rh3
Qb7 24.Bxf5 exf5 25.Rh6 Bxe4 26.Qh4 Bg2+ 27.Kg1 Bh1 28.Kf1 Qg2+ 29.Ke1 Rfe8
30.Kd1 Bxg5 {#R} 0-1

[Event "It (open)"]
[Site "masterchessopen.com Mogliano Veneto (Italy)"]
[Round "0"]
[White "Pastres Roberto (ITA)"]
[Black "Torelli Mirco (ITA)"]
[Result "1-0"]
[WhiteElo "2150"]
[BlackElo "2086"]

1.e4 c5 2.Nf3 e6 3.d4 cxd4 4.Nxd4 Nf6 5.Nc3 d6 6.g3 Be7 7.Bg2 Nc6 8.Nb3 O-O
9.O-O a6 10.a4 Qc7 11.g4 b6 12.g5 Nd7 13.f4 Nb4 14.Rf3 Rb8 15.Rh3 g6 16.Be3 f5
17.exf5 gxf5 18.Bd4 e5 19.Nd5 Nxd5 20.Bxd5+ Rf7 21.Qh5 {#r} 1-0

[Event "Ch Manhattan Chess Club"]
[Site "masterchessopen.com New York (USA)"]
[Round "7"]
[White "Gross David (CZE)"]
[Black "Frias Victor J (CHI)"]
[Result "0-1"]
[WhiteElo "2391"]
[BlackElo "2493"]

1.e4 c5 2.Nf3 e6 3.d4 cxd4 4.Nxd4 Nf6 5.Nc3 d6 6.g3 Be7 7.Bg2 O-O 8.O-O a6
9.g4 Nfd7 10.f4 Nc6 11.Nde2 b5 12.Ng3 Bb7 13.g5 b4 14.Nce2 Re8 15.b3 Bf8
16.Bb2 g6 17.h4 Nb6 18.f5 Ne5 19.Nf4 exf5 20.exf5 Bxg2 21.Kxg2 d5 22.Ngh5 gxh5
23.Qxh5 Qd7 24.Nd3 d4 25.Rf4 Nd5 26.Rxd4 Nxd3 27.cxd3 Qxf5 28.Kg1 Bc5 29.Rf1
Nf4 30.Qd1 Rad8 {#R} 0-1

[Event "It (open)"]
[Site "masterchessopen.com New York (USA)"]
[Round "1"]
[White "Waitzkin Joshua (USA)"]
[Black "Fernandez Marino (DOM)"]
[Result "1-0"]
[WhiteElo "2464"]
[BlackElo "2167"]

1.e4 c5 2.Nf3 e6 3.d4 cxd4 4.Nxd4 Nf6 5.Nc3 d6 6.g3 Be7 7.Bg2 a6 8.O-O Bd7
9.g4 O-O 10.g5 Ne8 11.f4 Nc6 12.Nce2 g6 13.Be3 Rc8 14.h4 Ng7 15.Ng3 Re8 16.c3
h5 17.gxh6 Bxh4 18.Rf3 Nxd4 19.cxd4 Nh5 20.Nxh5 gxh5 21.Rh3 e5 22.f5 Kh8
23.Qxh5 Rg8 24.Rxh4 Rc2 25.Rg4 Rxg4 26.Qxg4 Qg8 27.Qxg8+ Kxg8 28.dxe5 dxe5
29.Rd1 Bc6 30.Bg5 {#r} 1-0

[Event "Ch Czech Chess Union (open)"]
[Site "masterchessopen.com Prague (Czech Republic)"]
[Round "6"]
[White "Kacirek Petr (CZE)"]
[Black "Mozny Milos (CZE)"]
[Result "1-0"]
[WhiteElo "2298"]
[BlackElo "2346"]

1.e4 c5 2.Nf3 e6 3.Nc3 d6 4.d4 cxd4 5.Nxd4 Nf6 6.g3 Nc6 7.Bg2 Bd7 8.Ndb5 Qb8
9.a4 Be7 10.O-O O-O 11.Be3 Ne5 12.Bd4 a6 13.Na3 b5 14.f4 b4 15.fxe5 dxe5
16.Nc4 exd4 17.e5 bxc3 18.exf6 gxf6 19.Bxa8 Qxa8 20.Nb6 Qb7 21.Nxd7 cxb2
22.Qg4+ Kh8 23.Nxf8 Bc5 24.Qh5 f5 25.Qxh7# 1-0